| 000 | 00644nam a22001937a 4500 | ||
|---|---|---|---|
| 005 | 20251108172845.0 | ||
| 008 | 250721s2004 xx 000 0 ara d | ||
| 082 | 1 | 4 | _aط/811.02/لبي |
| 100 | 1 |
_aطماس، حمدو _eed. |
|
| 245 | 1 | 0 | _aديوان لبيد بن ربيعه / |
| 264 | 1 |
_aبيروت : _bدار المعرفه، _c2004. |
|
| 300 | _a144ص | ||
| 650 | 1 | 7 | _aالشعر العربي |
| 650 | 1 | 7 | _aالعصر الإسلامي |
| 653 | _aناشئون كبار (15-18) سنة | ||
| 700 | 1 | _aلبيد العامري، أبو عقيل لبيد بن ربيعه بن مالك بن جعفر | |
| 942 |
_2ddc _cBK |
||
| 999 |
_c90189 _d90189 |
||